01013nam a22002657a 4500999001700000005001700017008004100034020001800075040002700093041000800120044000700128082001800135100004100153245008300194260005800277300007300335650003900408650004000447650003700487650003200524650001700556650002000573942001500593952013900608 c20386d2038620190129163659.0190129b xxu||||| |||| 00| 0 spa d a9789585518032 aCO-BoIAVH cCO-BoIAVH  aspa ack a551.417bQ66l aQuijano Abril, Mario Albertoeeditor10aLos humedales del altiplano del oriente antioqueño y su conceptualización  aRionegro:bUniversidad Católica del Oriente,c2018. a211 páginasbfotografías a color, tablas, gráficas c24 x 17cm 0aBiología de agua dulcezColombia 0aEcología de agua dulcezColombia. 0aHidrogeologíaxInvestigaciones 0aConservación de humedales 0aLimnología 0aMicrobiología 2ddccLIBRO 00102ddc40708GENERALaBogotabBogotad2019-01-29l0oLB-551.417 Q66lp043505r2019-01-29 00:00:00tEj. 1w2019-01-29xCanjeyLIBRO